000 00614nam a2200229Ia 4500
003 OSt
005 20220928124038.0
006 a|||||r|||| 00| 0
007 ta
008 220927b |||||||| |||| 00| 0 eng d
024 _a122460
037 _cTextual
040 _aSDCL
_cSDCL
_beng
041 _2eng
_aeng
082 _aG9M:66, M3
100 _aKimura Motoo
_9463194
245 0 _aNeutral theory of molecular evolution.
260 _aCambridge
_bCambridge University Press
_c1983
300 _axv,367p
_ccm.
942 _hG9M:66, M3
_cTEXL
_2CC
999 _c776132
_d776132